000 00642nam a2200241Ia 4500
003 OSt
005 20221007075944.0
006 a|||||r|||| 00| 0
007 ta
008 221006b |||||||| |||| 00| 0 eng d
024 _a9,597
037 _cTextual
040 _aFLL
_cFLL
_beng
041 _2eng
_aeng
082 _aZ1,1354, P0
100 _aChimni B.S. Au.
245 0 _aInternational refugee law
260 _aNew Delhi
_bSage pub. India
_c2000
300 _axxix,613p
_ccm.
650 _aInternational refugee law
_9694441
942 _hZ1,1354, P0
_cTEXL
_2CC
999 _c1157932
_d1157932